Electric machinery and transformers (Record no. 440)

000 -LEADER
fixed length control field 00469nam a2200193 4500
001 - CONTROL NUMBER
control field 440
003 - CONTROL NUMBER IDENTIFIER
control field BD-DhUET
008 - FIXED-LENGTH DATA ELEMENTS--GENERAL INFORMATION
fixed length control field 140721b xxu||||| |||| 00| 0 eng d
020 ## - INTERNATIONAL STANDARD BOOK NUMBER
International Standard Book Number 81203007755
040 ## - CATALOGING SOURCE
Transcribing agency 0
Modifying agency BD-DhUET
082 ## - DEWEY DECIMAL CLASSIFICATION NUMBER
Classification number 623.1042
Item number KOS/1991
100 ## - MAIN ENTRY--PERSONAL NAME
Personal name Kosow, Irving L.
245 ## - TITLE STATEMENT
Title Electric machinery and transformers
250 ## - EDITION STATEMENT
Edition statement 2nd ed.
260 ## - PUBLICATION, DISTRIBUTION, ETC. (IMPRINT)
Place of publication, distribution, etc. New Delhi
Name of publisher, distributor, etc. Prentice-Hall
Date of publication, distribution, etc. 1991
300 ## - PHYSICAL DESCRIPTION
Extent xiv,626p.
650 #0 - SUBJECT ADDED ENTRY--TOPICAL TERM
Topical term or geographic name as entry element Electric machinery
942 ## - ADDED ENTRY ELEMENTS (KOHA)
Koha item type General Book
Holdings
Shelving location Sublocation or collection (holding branch) Koha date last borrowed Koha item type Lost status Date acquired Price effective from Location (home branch) Koha full call number Koha date last seen Source of classification or shelving scheme Piece designation (barcode) Koha issues (times borrowed) Withdrawn status Koha normalized classification for sorting Not for loan Copy number Damaged status
Circulation sectionCentral Library, BUET General Book 2014-07-212014-07-21Central Library, BUET623.1042/KOS/19912014-07-21 103680  623_104200000000000_KOS_1991 1 
Circulation sectionCentral Library, BUET General Book 2014-07-212014-07-21Central Library, BUET623.1042/KOS/19912016-12-07 103681  623_104200000000000_KOS_1991 2 
Circulation sectionCentral Library, BUET2021-12-05General Book 2014-07-212014-07-21Central Library, BUET623.1042/KOS/19912021-12-15 1036821 623_104200000000000_KOS_1991 3 
Circulation sectionCentral Library, BUET General Book 2014-07-212014-07-21Central Library, BUET623.1042/KOS/19912014-07-21 103683  623_104200000000000_KOS_1991 4 
Circulation sectionCentral Library, BUET General Book 2014-07-212014-07-21Central Library, BUET623.1042/KOS/19912014-07-21 103684  623_000000000000000_1042KOS199 5 
Circulation sectionCentral Library, BUET General Book 2014-07-212014-07-21Central Library, BUET623.1042/KOS/19912014-07-21 103685  623_104200000000000_KOS_1991 6 
Circulation sectionCentral Library, BUET General Book 2014-07-212014-07-21Central Library, BUET623.1042/KOS/19912014-07-21 103686  623_104200000000000_KOS_1991 7 
Circulation sectionCentral Library, BUET General Book 2014-07-212014-07-21Central Library, BUET623.1042/KOS/19912016-11-29 103688  623_000000000000000_1042KOS199 8 
Circulation sectionCentral Library, BUET General Book 2014-07-212014-07-21Central Library, BUET623.1042/KOS/19912017-03-11 103689  623_104200000000000_KOS_1991 9